Statistics for Cities in South Africa With 1 Million People

Click here to take the quiz!

General Stats

  • This quiz has been taken 29 times
  • The average score is 4 of 5

Answer Stats

PopulationCity% Correct
3,433,441Cape Town
100%
2,026,469Johannesburg
100%
1,619,438Pretoria
100%
3,120,282Durban
95%
1,695,047Soweto
43%

Score Distribution

Percentile by Number Answered

Percent of People with Each Score

Your Score History

You have not taken this quiz